MARC

Tag First Indicator Second Indicator Subfields
LEADER 00000cam a2200000 a 4500
001 in00002011007
005 20151031155430.0
008 820322s1980 fr 000 0bfre
010 |a  80137409  
015 |a F*** 
019 |a 8135630 
020 |a 2226009221 
035 |a (OCoLC)ocm08345163 
040 |a DLC  |c DLC  |d OCL  |d MUQ  |d TXA  |d UtOrBLW 
041 1 |a fre  |h rus 
049 |a TXAM 
050 0 0 |a PG3476.A324  |b Z5814 
082 0 0 |a 891.71/42  |a B  |2 19 
090 |a PG3476.A324  |b Z5814 1980 
100 1 |a Chukovskai︠a︡, Lidii︠a︡ Korneevna. 
240 1 0 |a Zapiski ob Anne Akhmatovoĭ.  |l French 
245 1 0 |a Entretiens avec Anna Akhmatova /  |c Lydia Tchoukovskaïa ; [traductions, Lucile Nivat, Geneviève Leibrich]. 
264 1 |a Paris :  |b A. Michel,  |c [1980] 
264 4 |c ©1980 
300 |a 555 pages ;  |c 23 cm. 
336 |a text  |b txt  |2 rdacontent 
337 |a unmediated  |b n  |2 rdamedia 
338 |a volume  |b nc  |2 rdacarrier 
500 |a Translation of Zapiski ob Anne Akhmatovoĭ. 
536 |a From the Biblioteca Asensio, April 2004. 
600 1 0 |a Akhmatova, Anna Andreevna,  |d 1889-1966. 
650 0 |a Poets, Russian  |y 20th century  |v Biography. 
600 1 0 |a Chukovskai︠a︡, Lidii︠a︡ Korneevna. 
650 0 |a Authors, Russian  |y 20th century  |v Biography. 
700 1 |a Akhmatova, Anna Andreevna,  |d 1889-1966. 
948 |a cataloged  |b h  |c 2005/1/4  |d c  |e jgreene  |f 2:14:38 pm 
994 |a E0  |b TXA 
999 |a MARS 
999 f f |s 346a60dd-075e-3bb4-94f1-8f392e78a588  |i fa28bd25-d28b-39fd-b79c-0ad738957b4a  |t 0 
952 f f |p ric  |a Texas A&M University  |b Rellis Campus  |c Joint Library Facility  |d Remote Storage  |t 0  |e PG3476.A324 Z5814 1980  |h Library of Congress classification  |i unmediated -- volume  |m A14831712946 
998 f f |a PG3476.A324 Z5814 1980  |t 0  |l Remote Storage